000 00598nam a22002297a 4500
003 UA-OsUOA
001 70150
007 ta
008 20100831b un ||||| |||| 00| 0 ukr d
100 _aБоткин В. П.
090 _a821.161-2
_bБ86
942 _cBK
040 _aUA-OsUOA
_brus
_cUA-OsUOA
_dUA-OsUOA
245 _aПисьма об Испании
300 _a342 с.
955 _a3
041 _arus
080 _a821.161-2
260 _aЛенинград
_bНаука
_c1976
650 7 _a82 Література. Літературознавство
_2UDC
999 _c356425
_d356425